Contornos y confines del universo iconográfico precalchaquí del valle de Santa María /

Este trabajo ofrece una caracterización de la cerámica presantamariana procedente del valle de Santa María, Catamarca, Argentina. Se examinan más de 300 vasijas cerámicas de antiguas colecciones. Durante el primer milenio DC, los atributos "simetría dorsoventral", "vasija efigie", "cuello vertedor u...

Descripción completa

Detalles Bibliográficos
Autor principal: Scattolin, María Cristina
Formato: Analitica de revista
Lenguaje:español
Publicado: San Pedro de Atacama Universidad Católica del Norte 2006
Acceso en línea:Acceso electrónico al documento

MARC

LEADER 00000cab a2200000 a 4500
001 031611
003 UAHC_CL
005 20170803123357.0
008 050531b xx j 000 1 spa
040 |a UAHC_CL  |c UAHC_CL  |d UAHC_CL 
100 1 |a Scattolin, María Cristina 
245 1 0 |a Contornos y confines del universo iconográfico precalchaquí del valle de Santa María /  |c María Cristina Scattolin. 
260 |b Universidad Católica del Norte  |a San Pedro de Atacama  |c 2006 
300 |a p. 119-139 
500 |a En: Estud. atacam., 2006, no.32, p. 119-139. ISSN 0718-1043. 
520 |a Este trabajo ofrece una caracterización de la cerámica presantamariana procedente del valle de Santa María, Catamarca, Argentina. Se examinan más de 300 vasijas cerámicas de antiguas colecciones. Durante el primer milenio DC, los atributos "simetría dorsoventral", "vasija efigie", "cuello vertedor u oblicuo" y varios otros, fueron de uso común y reflejan una tendencia corriente, un hábito, en la confección de vasijas finas. El análisis busca contribuir y ajustar los modelos cronológicos y cultural, y de legitimación simbólica para el área central del Noreste Argentino. Los resultados de las observaciones confirman que los restos materiales atribuidos al estilo Aguada están escasamente representados en el valle de Santa María y no avalan la existencia de afectos integrativos originarios de los valles de Ambato o Hualfin. Por el contrario, las poblaciones del valle de Santa María consumieron vasijas cuyos modos de confección fueron compartidos con las Selvas Occidentales del sur, el valle de Tafí, la cuenca de Tapia - Trancas, el valle Caján y el sur del valle Calchaquí. 
520 |a Este trabajo ofrece una caracterización de la cerámica presantamariana procedente del valle de Santa María, Catamarca, Argentina. Se examinan más de 300 vasijas cerámicas de antiguas colecciones. Durante el primer milenio DC, los atributos "simetría dorsoventral", "vasija efigie", "cuello vertedor u oblicuo" y varios otros, fueron de uso común y reflejan una tendencia corriente, un hábito, en la confección de vasijas finas. El análisis busca contribuir y ajustar los modelos cronológicos y cultural, y de legitimación simbólica para el área central del Noreste Argentino. Los resultados de las observaciones confirman que los restos materiales atribuidos al estilo Aguada están escasamente representados en el valle de Santa María y no avalan la existencia de afectos integrativos originarios de los valles de Ambato o Hualfin. Por el contrario, las poblaciones del valle de Santa María consumieron vasijas cuyos modos de confección fueron compartidos con las Selvas Occidentales del sur, el valle de Tafí, la cuenca de Tapia - Trancas, el valle Caján y el sur del valle Calchaquí. 
520 |a Este trabajo ofrece una caracterizaciÛn de la cer·mica presantamariana procedente del valle de Santa MarÌa, Catamarca, Argentina. Se examinan m·s de 300 vasijas cer·micas de antiguas colecciones. Durante el primer milenio DC, los atributos "simetrÌa dorsoventral", "vasija efigie", "cuello vertedor u oblicuo" y varios otros, fueron de uso común y reflejan una tendencia corriente, un h·bito, en la confecciÛn de vasijas finas. El an·lisis busca contribuir y ajustar los modelos cronolÛgicos y cultural, y de legitimaciÛn simbÛlica para el ·rea central del Noreste Argentino. Los resultados de las observaciones confirman que los restos materiales atribuidos al estilo Aguada est·n escasamente representados en el valle de Santa MarÌa y no avalan la existencia de afectos integrativos originarios de los valles de Ambato o Hualfin. Por el contrario, las poblaciones del valle de Santa MarÌa consumieron vasijas cuyos modos de confecciÛn fueron compartidos con las Selvas Occidentales del sur, el valle de TafÌ, la cuenca de Tapia - Trancas, el valle Caj·n y el sur del valle CalchaquÌ. 
759 |a PP063 
773 0 |t Estudios Atacameños.  |w 031462 
856 |u http://www.scielo.cl/scielo.php?script=sci_arttext&pid=S0718-10432006000100008&lng=es&nrm=iso&tlng=es  |3 Acceso electrónico al documento  |y Acceso electrónico al documento 
856 |u http://www.scielo.cl/scielo.php?script=sci_arttext&pid=S0718-10432006000100008&lng=es&nrm=iso&tlng=es  |3 Acceso electrónico al documento  |y Acceso electrónico al documento 
900 |a ESTUD. ATACAMEÑOS-32/06 
942 |c REVA 
952 |0 0  |1 0  |4 0  |6 ESTUD___ATACAMEÑOS32_06_000000000000000  |7 0  |8 General  |9 61688  |a BC  |b BC  |c General  |d 2017-08-03  |l 0  |o ESTUD. ATACAMEÑOS-32/06  |p FICTICIO2467  |r 2019-01-08 00:00:00  |t 1  |w 2017-08-03  |y REVA 
999 |c 31611  |d 31611